000
00384nam a2200145Ia 4500
003
GCL
008
140319s9999 xx 000 0 ara d
040
_a
GCL /
_c
GCL
082
0
4
_a
811.1
_b
ا ش
100
1
_a
السيد احمد صقر
245
1
0
_a
شرح ديوان علقمة الفحل /
_c
السيد احمد صقر
700
1
_a
زكى مبارك
300
_a
79 ص
490
_a
999
_c
47535
_d
47535